000 00653nam a2200229 a 4500
001 BRCA_7175
005 20190320205735.0
008 130112s1921----gw-ac#####---#000-0#ger-#
041 _ager
044 _agw
050 4 _aQH366
_b.H317 1921
100 1 _aHaeckel, Ernst
_d1834-1919
_916712
245 1 0 _aEntwicklungsgeschichte einer Jugend. Briefe an die Eltern, 1852/1856
_cErnst Haeckel.
260 _aLeipzig, Alemania
_bK.F. Koehler
_c1921
300 _aviii, 216 p.
_bil., retratos
_c22cm.
500 _aP62
650 1 4 _aEvolución
_916651
650 1 4 _aHerencia
_917791
650 1 4 _aHombre
_eOrigen
_917792
902 _aGFM
942 _2lcc
_cB
999 _c6856
_d6856